000 01622nam a2200493 i 4500
001 7619
003 KOSZ 005
005 20210311144300.0
008 070315s1973 pl a f f |000 0 pol
015 _aPB 1973/4769
035 _a991033454829705066
035 _a(PL-WaBN)b18958886-48omnis_nlop
035 _ab18958886
035 _a(OCoLC)812761745
035 _a(PL)b0000001895888
035 _a(EXLNZ-48OMNIS_NETWORK)9910389282505606
040 _aWA N
_cWA N
_dKOSZ 005/EC
041 _apol
046 _k1969
080 _a621.3
080 _a(075.8)
080 _a(076)
100 1 _aMikołajuk, Kazimierz
_eAutor
245 1 0 _aZbiór zadań z elektrotechniki teoretycznej /
_cKazimierz Mikołajuk, Zdzisław Trzaska.
260 _aWarszawa :
_bPaństwowe Wydawnictwo Naukowe,
_c1973.
300 _a349, [2] s. :
_bil., err. ;
_c23 cm.
336 _2rdacontent
_aTekst
_btxt
337 _2rdamedia
_aBez urządzenia pośredniczącego
_bn
338 _2rdacarrier
_aWolumin
_bnc
380 _aKsiążki
380 _aPublikacje dydaktyczne
385 _aSzkoły wyższe
_mPoziom nauczania
388 _a1901-2000
388 _a1945-1989
504 _aBibliogr.
650 7 _aObwód elektryczny
_2DBN
655 7 _aĆwiczenia i zadania dla szkół wyższych
_2DBN
658 _aInżynieria i technika
700 1 _aTrzaska, Zdzisław
_d(1939- )
_eAutor
710 2 _aPaństwowe Wydawnictwo Naukowe
_4pbl
856 _uhttp://koha.tu.koszalin.pl/cgi-bin/koha/opac-detail.pl?biblionumber=7619
_yKatalog online BPK
942 _2UKD
_cKS
999 _c7619
_d7619